|
|
|
|
| LEADER |
01285nam a2200253 a 4500 |
| 001 |
GR-MES8 |
| 008 |
991111s1988 enk 000 b eng d |
| 020 |
|
|
|a 088192122X
|
| 040 |
|
|
|a GrPaTEI
|b gre
|c GR-PaULI
|
| 245 |
0 |
0 |
|a Recent advances in aquaculture
|n 3.
|
| 260 |
|
|
|a London :
|b Croon Helm :
|b Timber,
|c 1988 c1988
|
| 300 |
|
|
|a x, 420σελ. :
|b εικ.,πιν.,σχημ.
|
| 500 |
|
|
|a Περιέχει βιβλιογραφικές αναφορές
|
| 650 |
|
4 |
|a Υδατοκαλλιέργειες
|
| 700 |
1 |
|
|a Muir, James F.
|
| 700 |
1 |
|
|a Roberts, Ronald J.
|
| 710 |
0 |
|
|a Croon Helm
|
| 710 |
0 |
|
|a Timber
|
| 942 |
|
|
|2 ddc
|
| 952 |
|
|
|0 0
|1 0
|2 ddc
|4 0
|6 639_800000000000000_MUI
|7 0
|9 263247
|a MSLG
|b MSLG
|c BSC
|d 2021-01-17
|e 24
|f 0
|g 0.00
|l 0
|o 639.8 MUI
|p 2420000000814
|r 2021-01-17 00:00:00
|t 1
|w 2021-01-17
|y BK15
|x 19991111 0 1
|x GrPaTEI
|
| 952 |
|
|
|0 0
|1 0
|2 ddc
|4 0
|6 639_800000000000000_MUI
|7 0
|9 263248
|a MSLG
|b MSLG
|c BSC
|d 2021-01-17
|e 24
|f 0
|g 0.00
|l 0
|o 639.8 MUI
|p 2420000000875
|r 2021-01-17 00:00:00
|t 1
|w 2021-01-17
|y BK15
|x 19991111 0 1
|x GrPaTEI
|
| 952 |
|
|
|0 0
|1 0
|2 ddc
|4 0
|6 639_800000000000000_MUI
|7 0
|9 263249
|a MSLG
|b MSLG
|c BSC
|d 2021-01-17
|e 24
|f 0
|g 0.00
|l 0
|o 639.8 MUI
|p 2420000003700
|r 2021-01-17 00:00:00
|t 1
|w 2021-01-17
|y BK15
|x 19991111 0 1
|x GrPaTEI
|
| 971 |
|
|
|a .b25710497
|b 15-04-20
|c 13-09-16
|
| 999 |
|
|
|c 151509
|d 151509
|